[Event "Olomouc Chess Summer 2022 - D"]
[Site "Olomouc (CZE), Hotel Flora"]
[Date "2022.08.18"]
[Round "7"]
[Board "16"]
[White "Svub, Jan"]
[Black "Molnar, Jiri"]
[Result "1/2-1/2"]
[WhiteElo "1857"]
[BlackElo "1797"]
[PlyCount "0"]
[EventDate "2022.08.13"]
[EventRounds "9"]
[EventCountry "CZE"]

1. c4 {[%clk 1:30:49]} d5 {[%clk 1:30:43]} 2. cxd5 {[%clk 1:30:52]} Qxd5
{[%clk 1:30:57]} 3. Nc3 {[%clk 1:31:01]} Qa5 {[%clk 1:30:55]} 4. d4
{[%clk 1:29:31]} Nf6 {[%clk 1:30:06]} 5. Nf3 {[%clk 1:25:16]} Bf5
{[%clk 1:28:34]} 6. Qb3 {[%clk 1:11:27]} Qb6 {[%clk 1:24:26]} 7. Qxb6
{[%clk 1:08:02]} axb6 {[%clk 1:22:43]} 8. Bg5 {[%clk 0:53:57]} Nbd7
{[%clk 1:16:51]} 9. e3 {[%clk 0:52:17]} c6 {[%clk 1:13:55]} 10. Bc4
{[%clk 0:35:24]} e6 {[%clk 1:10:33]} 11. Bxf6 {[%clk 0:32:56]} Nxf6
{[%clk 1:10:00]} 12. O-O {[%clk 0:33:01]} Bd6 {[%clk 1:09:07]} 13. Rfe1
{[%clk 0:30:35]} Bb4 {[%clk 1:07:03]} 14. Rec1 {[%clk 0:26:49]} Ke7
{[%clk 1:04:23]} 15. h3 {[%clk 0:26:23]} g5 {[%clk 1:03:08]} 16. Ne5
{[%clk 0:22:50]} h5 {[%clk 1:01:31]} 17. Bd3 {[%clk 0:22:29]} h4 {[%clk 0:55:30]}
18. Bxf5 {[%clk 0:11:07]} exf5 {[%clk 0:55:09]} 19. f3 {[%clk 0:10:58]} g4
{[%clk 0:46:36]} 20. fxg4 {[%clk 0:06:45]} fxg4 {[%clk 0:46:17]} 21. hxg4
{[%clk 0:03:41]} Bd6 {[%clk 0:41:01]} 22. g5 {[%clk 0:04:00]} Bxe5
{[%clk 0:38:28]} 23. gxf6+ {[%clk 0:03:57]} Bxf6 {[%clk 0:38:44]} 24. Ne4
{[%clk 0:04:11]} Bg7 {[%clk 0:37:44]} 25. Rf1 {[%clk 0:03:56]} Bh6
{[%clk 0:37:46]} 26. Rf3 {[%clk 0:04:07]} Rhg8 {[%clk 0:32:47]} 27. Raf1
{[%clk 0:03:31]} Rg7 {[%clk 0:32:07]} 28. a3 {[%clk 0:03:53]} Rag8
{[%clk 0:31:50]} 29. R1f2 {[%clk 0:04:18]} f5 {[%clk 0:31:47]} 30. Nc3
{[%clk 0:04:12]} Rg3 {[%clk 0:30:19]} 31. Nd1 {[%clk 0:03:31]} h3
{[%clk 0:29:44]} 32. Rxg3 {[%clk 0:03:20]} Rxg3 {[%clk 0:30:02]} 33. Kh2
{[%clk 0:03:12]} Rxg2+ {[%clk 0:29:19]} 34. Rxg2 {[%clk 0:03:35]} hxg2
{[%clk 0:29:40]} 35. Kxg2 {[%clk 0:04:01]} Ke6 {[%clk 0:29:13]} 36. Kf3
{[%clk 0:03:53]} Kd5 {[%clk 0:29:27]} 37. b3 {[%clk 0:03:04]} c5 {[%clk 0:27:38]}
38. Nc3+ {[%clk 0:03:06]} Ke6 {[%clk 0:25:49]} 39. dxc5 {[%clk 0:03:04]} bxc5
{[%clk 0:25:57]} 40. Ke2 {[%clk 0:03:12]} Ke5 {[%clk 0:25:16]} 41. Kd3
{[%clk 0:02:40]} Bg5 {[%clk 0:24:56]} 42. a4 {[%clk 0:22:32]} Bh6
{[%clk 0:51:17]} 43. Nb5 {[%clk 0:19:51]} Kd5 {[%clk 0:50:02]} 44. Nc3+
{[%clk 0:19:47]} Kc6 {[%clk 0:49:50]} 45. Nb5 {[%clk 0:16:16]} Bg7
{[%clk 0:49:19]} 46. Nc3 {[%clk 0:14:12]} Bxc3 {[%clk 0:39:12]} 47. Kxc3
{[%clk 0:14:33]} Kd5 {[%clk 0:39:18]} 48. Kd3 {[%clk 0:11:26]} Ke5
{[%clk 0:39:31]} 49. Kd2 {[%clk 0:10:12]} Ke4 {[%clk 0:37:34]} 50. Ke2
{[%clk 0:09:42]} b6 {[%clk 0:36:56]} 51. Kd2 {[%clk 0:08:57]} Kf3
{[%clk 0:34:23]} 52. Kd3 {[%clk 0:09:21]} Kf2 {[%clk 0:33:19]} 53. Kd2
{[%clk 0:09:43]} Kf1 {[%clk 0:28:41]} 54. Kd1 {[%clk 0:09:58]} Kg2
{[%clk 0:26:12]} 55. Kc2 {[%clk 0:10:04]} Kf3 {[%clk 0:24:55]} 56. Kd3
{[%clk 0:10:24]} Kg3 {[%clk 0:23:10]} 57. Kc3 {[%clk 0:10:29]} Kh4
{[%clk 0:20:18]} 58. Kc4 {[%clk 0:09:38]} Kg4 {[%clk 0:20:17]} 59. Kb5
{[%clk 0:09:31]} Kf3 {[%clk 0:20:36]} 60. Kxb6 {[%clk 0:09:53]} Kxe3
{[%clk 0:20:59]} 61. a5 {[%clk 0:10:10]} f4 {[%clk 0:21:14]} 62. a6
{[%clk 0:10:34]} f3 {[%clk 0:21:41]} 63. a7 {[%clk 0:10:57]} f2 {[%clk 0:22:03]}
64. a8=Q {[%clk 0:11:09]} f1=Q {[%clk 0:22:17]} 65. Kxc5 {[%clk 0:08:26]} Qc1+
{[%clk 0:22:00]} 66. Kb5 {[%clk 0:06:38]} Qf1+ {[%clk 0:21:13]} 67. Kb6
{[%clk 0:05:50]} Kd2 {[%clk 0:18:51]} 68. Qd5+ {[%clk 0:04:08]} Kc3
{[%clk 0:18:54]} 69. Ka5 {[%clk 0:03:58]} Qa1+ {[%clk 0:18:52]} 70. Kb5
{[%clk 0:04:14]} Qe1 {[%clk 0:16:47]} 71. Qc4+ {[%clk 0:04:20]} Kb2
{[%clk 0:17:02]} 72. b4 {[%clk 0:04:08]} Qe8+ {[%clk 0:16:49]} 73. Qc6
{[%clk 0:04:04]} Qb8+ {[%clk 0:16:53]} 74. Kc5 {[%clk 0:03:59]} Qf8+
{[%clk 0:15:26]} 75. Kb5 {[%clk 0:03:58]} Qb8+ {[%clk 0:15:36]} 76. Ka5
{[%clk 0:04:21]} Qa7+ {[%clk 0:14:54]} 77. Qa6 {[%clk 0:04:30]} Qb8
{[%clk 0:12:37]} 78. b5 {[%clk 0:04:02]} Qd8+ {[%clk 0:12:31]} 79. Qb6
{[%clk 0:03:36]} Qa8+ {[%clk 0:12:45]} 80. Kb4 {[%clk 0:02:58]} Qa3+
{[%clk 0:11:37]} 81. Kc4 {[%clk 0:03:20]} Qc3+ {[%clk 0:09:40]} 82. Kd5
{[%clk 0:03:42]} Qf3+ {[%clk 0:09:13]} 83. Kd6 {[%clk 0:03:36]} Qf6+
{[%clk 0:08:30]} 84. Kc7 {[%clk 0:03:56]} Qf7+ {[%clk 0:08:12]} 85. Kb8
{[%clk 0:04:07]} Qf8+ {[%clk 0:08:04]} 86. Ka7 {[%clk 0:03:52]} Qa3+
{[%clk 0:08:17]} 87. Kb7 {[%clk 0:03:57]} Qe7+ {[%clk 0:08:22]} 88. Qc7
{[%clk 0:04:12]} Qe4+ {[%clk 0:08:06]} 89. Qc6 {[%clk 0:03:32]} Qe7+
{[%clk 0:08:13]} 90. Qc7 {[%clk 0:03:22]} Qe4+ {[%clk 0:08:19]} 91. Qc6
{[%clk 0:03:25]} Qe7+ {[%clk 0:08:19]} 92. Kb6 {[%clk 0:03:31]} Qe3+
{[%clk 0:07:57]} 93. Kb7 {[%clk 0:03:17]} Qe7+ {[%clk 0:08:06]} 94. Kb8
{[%clk 0:03:12]} Qf8+ {[%clk 0:06:43]} 95. Qc8 {[%clk 0:03:05]} Qf4+
{[%clk 0:06:38]} 96. Qc7 {[%clk 0:03:13]} Qf8+ {[%clk 0:06:47]} 97. Ka7
{[%clk 0:03:20]} Qa3+ {[%clk 0:07:01]} 98. Kb7 {[%clk 0:03:31]} Qf3+
{[%clk 0:07:16]} 99. Qc6 {[%clk 0:03:41]} Qf7+ {[%clk 0:07:26]} 100. Ka8
{[%clk 0:03:39]} Qf8+ {[%clk 0:07:21]} 101. Kb7 {[%clk 0:03:21]} Qe7+
{[%clk 0:07:41]} 102. Qc7 {[%clk 0:03:02]} Qe4+ {[%clk 0:07:55]} 103. Ka6
{[%clk 0:02:56]} Qa8+ {[%clk 0:08:04]} 104. Kb6 {[%clk 0:03:09]} Qh8
{[%clk 0:08:12]} 105. Ka7 {[%clk 0:03:21]} Qd4+ {[%clk 0:07:50]} 106. b6
{[%clk 0:03:33]} Qa4+ {[%clk 0:07:57]} 107. Kb8 {[%clk 0:03:31]} Qe8+
{[%clk 0:08:05]} 108. Qc8 {[%clk 0:03:25]} Qe5+ {[%clk 0:08:00]} 109. Ka8
{[%clk 0:03:14]} Qa5+ {[%clk 0:08:19]} 110. Kb7 {[%clk 0:03:34]} Qd5+
{[%clk 0:08:25]} 111. Qc6 {[%clk 0:03:48]} Qg8 {[%clk 0:08:37]} 112. Qc8
{[%clk 0:02:31]} Qd5+ {[%clk 0:08:40]} 113. Kb8 {[%clk 0:02:41]} Qd6+
{[%clk 0:08:42]} 114. Qc7 {[%clk 0:02:42]} Qf8+ {[%clk 0:08:53]} 115. Kb7
{[%clk 0:02:50]} Qf3+ {[%clk 0:09:07]} 116. Ka7 {[%clk 0:02:42]} Qa3+
{[%clk 0:09:16]} 117. Kb8 {[%clk 0:02:52]} Qf8+ {[%clk 0:09:32]} 118. Qc8
{[%clk 0:03:10]} Qf4+ {[%clk 0:09:42]} 119. Ka7 {[%clk 0:03:36]} Qa4+
{[%clk 0:09:42]} 120. Qa6 {[%clk 0:03:53]} Qd4 {[%clk 0:08:13]} 121. Qb5+
{[%clk 0:03:25]} Ka1 {[%clk 0:07:58]} 122. Ka6 {[%clk 0:03:07]} Qd6
{[%clk 0:07:55]} 123. Qa4+ {[%clk 0:02:40]} Kb2 {[%clk 0:07:56]} 124. Qb5+
{[%clk 0:02:45]} Ka1 {[%clk 0:08:12]} 125. Qc4 {[%clk 0:02:50]} Kb2
{[%clk 0:07:33]} 126. Ka7 {[%clk 0:02:53]} Qa3+ {[%clk 0:07:33]} 127. Qa6
{[%clk 0:03:11]} Qe3 {[%clk 0:07:47]} 128. Qb5+ {[%clk 0:02:50]} Ka1
{[%clk 0:07:38]} 129. Ka8 {[%clk 0:02:35]} Qa3+ {[%clk 0:07:48]} 130. Kb7
{[%clk 0:02:51]} Qe7+ {[%clk 0:07:51]} 131. Ka6 {[%clk 0:03:15]} Qd6
{[%clk 0:07:20]} 132. Qe8 {[%clk 0:03:10]} Kb2 {[%clk 0:07:10]} 133. Qc8
{[%clk 0:03:12]} Kb1 {[%clk 0:06:40]} 134. Qc7 {[%clk 0:03:14]} Qa3+
{[%clk 0:06:48]} 135. Kb7 {[%clk 0:03:28]} Qf3+ {[%clk 0:06:30]} 136. Kb8
{[%clk 0:03:33]} Qf8+ {[%clk 0:06:42]} 137. Qc8 {[%clk 0:03:25]} Qf4+
{[%clk 0:06:09]} 138. Ka7 {[%clk 0:03:37]} Qa4+ {[%clk 0:06:15]} 139. Qa6
{[%clk 0:03:46]} Qd4 {[%clk 0:06:20]} 140. Qb5+ {[%clk 0:04:01]} Ka1
{[%clk 0:06:18]} 141. Qe2 {[%clk 0:03:51]} Kb1 {[%clk 0:06:25]} 142. Ka6 Qd6
 1/2-1/2

[Event "Olomouc Chess Summer 2022 - D"]
[Site "Olomouc (CZE), Hotel Flora"]
[Date "2022.08.19"]
[Round "8"]
[Board "1"]
[White "Stigar, Petter"]
[Black "Vrana, Frantisek"]
[Result "1/2-1/2"]
[WhiteElo "2212"]
[BlackElo "2214"]
[PlyCount "0"]
[EventDate "2022.08.13"]
[EventRounds "9"]
[EventCountry "CZE"]

1. d4 {[%clk 1:30:57]} Nf6 {[%clk 1:30:53]} 2. Nf3 {[%clk 1:30:44]} d6
{[%clk 1:31:05]} 3. c4 {[%clk 1:30:48]} Nbd7 {[%clk 1:31:21]} 4. Nc3
{[%clk 1:29:35]} e5 {[%clk 1:31:35]} 5. e4 {[%clk 1:29:00]} Be7 {[%clk 1:31:38]}
6. Be2 {[%clk 1:29:16]} O-O {[%clk 1:31:59]} 7. O-O {[%clk 1:29:35]} c6
{[%clk 1:32:20]} 8. Qc2 {[%clk 1:24:34]} Qc7 {[%clk 1:31:58]} 9. Rb1
{[%clk 1:24:44]} a6 {[%clk 1:27:16]} 10. dxe5 {[%clk 1:22:39]} dxe5
{[%clk 1:26:40]} 11. b4 {[%clk 1:20:04]} a5 {[%clk 1:24:41]} 12. a3
{[%clk 1:19:29]} axb4 {[%clk 1:25:06]} 13. axb4 {[%clk 1:19:57]} Re8
{[%clk 1:24:58]} 14. Rd1 {[%clk 1:13:22]} Nf8 {[%clk 1:24:31]} 15. h3
{[%clk 1:10:32]} Nh5 {[%clk 1:22:34]} 16. Be3 {[%clk 1:08:01]} Nf4
{[%clk 1:21:11]} 17. Bf1 {[%clk 1:06:16]} Be6 {[%clk 1:11:09]} 18. Kh2
{[%clk 1:00:14]} N4g6 {[%clk 1:07:08]} 19. Na4 {[%clk 0:51:32]} f5 20. Nb6
{[%clk 0:38:31]} Ra6 {[%clk 0:58:36]} 21. c5 {[%clk 0:37:23]} Ra2
{[%clk 0:57:31]} 22. Rb2 {[%clk 0:37:15]} Rxb2 {[%clk 0:56:39]} 23. Qxb2
{[%clk 0:37:42]} fxe4 {[%clk 0:50:30]} 24. Nd2 {[%clk 0:37:58]} Rd8
{[%clk 0:49:06]} 25. Qc2 {[%clk 0:34:28]} Bf5 {[%clk 0:46:01]} 26. g4
{[%clk 0:30:38]} Be6 {[%clk 0:46:03]} 27. Nxe4 {[%clk 0:30:46]} Rxd1
{[%clk 0:45:25]} 28. Qxd1 {[%clk 0:31:12]} Nd7 {[%clk 0:45:26]} 29. Bc4
{[%clk 0:25:25]} Bxc4 {[%clk 0:45:16]} 30. Nxc4 {[%clk 0:25:52]} Nf6
{[%clk 0:42:02]} 31. Nxf6+ {[%clk 0:15:34]} gxf6 {[%clk 0:42:16]} 32. Kg1
{[%clk 0:12:40]} Bf8 {[%clk 0:35:19]} 33. Qd3 {[%clk 0:11:09]}  1/2-1/2

[Event "Olomouc Chess Summer 2022 - D"]
[Site "Olomouc (CZE), Hotel Flora"]
[Date "2022.08.19"]
[Round "8"]
[Board "2"]
[White "Nemec, Pavel"]
[Black "Sejkora, Vlastimil"]
[Result "1/2-1/2"]
[WhiteElo "2159"]
[BlackElo "2151"]
[PlyCount "0"]
[EventDate "2022.08.13"]
[EventRounds "9"]
[EventCountry "CZE"]

1. e4 {[%clk 1:30:57]} c5 {[%clk 1:30:52]} 2. Nc3 {[%clk 1:31:22]} Nc6
{[%clk 1:31:20]} 3. g3 {[%clk 1:31:40]} g6 {[%clk 1:31:44]} 4. Bg2
{[%clk 1:32:01]} Bg7 {[%clk 1:32:03]} 5. d3 {[%clk 1:32:16]} Rb8 {[%clk 1:32:32]}
6. Be3 {[%clk 1:32:14]} d6 {[%clk 1:31:47]} 7. Nge2 {[%clk 1:32:08]} b5
{[%clk 1:31:31]} 8. a3 {[%clk 1:30:07]} a5 {[%clk 1:31:53]} 9. Qd2
{[%clk 1:27:44]} b4 {[%clk 1:27:55]} 10. axb4 {[%clk 1:27:59]} axb4
{[%clk 1:28:23]} 11. Nd1 {[%clk 1:28:16]} e5 {[%clk 1:28:24]} 12. O-O
{[%clk 1:27:36]}  1/2-1/2

[Event "Olomouc Chess Summer 2022 - D"]
[Site "Olomouc (CZE), Hotel Flora"]
[Date "2022.08.19"]
[Round "8"]
[Board "3"]
[White "Bartos, Alois"]
[Black "Bartos, Jan"]
[Result "0-1"]
[WhiteElo "1843"]
[BlackElo "2137"]
[PlyCount "0"]
[EventDate "2022.08.13"]
[EventRounds "9"]
[EventCountry "CZE"]

1. e4 {[%clk 1:30:56]} c5 {[%clk 1:30:55]} 2. Nc3 {[%clk 1:30:51]} Nc6
{[%clk 1:29:55]} 3. g3 {[%clk 1:31:07]} g6 {[%clk 1:29:47]} 4. Bg2
{[%clk 1:31:28]} Bg7 {[%clk 1:30:14]} 5. Nge2 {[%clk 1:31:38]} e6
{[%clk 1:29:55]} 6. O-O {[%clk 1:31:25]} Nge7 {[%clk 1:30:02]} 7. f4
{[%clk 1:29:13]} d6 {[%clk 1:29:29]} 8. d3 {[%clk 1:29:31]} O-O {[%clk 1:29:43]}
9. Be3 {[%clk 1:29:51]} b6 {[%clk 1:29:30]} 10. Qd2 Ba6 {[%clk 1:25:19]} 11. Rae1
{[%clk 1:25:13]} Qd7 {[%clk 1:21:11]} 12. Nd1 {[%clk 1:25:24]} Rad8
{[%clk 1:18:40]} 13. Qc1 {[%clk 1:07:08]} d5 {[%clk 1:14:47]} 14. Nf2 Rc8
{[%clk 1:06:48]} 15. c4 {[%clk 1:00:37]} dxc4 {[%clk 0:57:59]} 16. dxc4
{[%clk 1:00:49]} Nb4 {[%clk 0:58:08]} 17. b3 {[%clk 0:43:08]} Nxa2
{[%clk 0:55:46]} 18. Qa3 {[%clk 0:43:08]} Nb4 {[%clk 0:56:05]} 19. Rd1
{[%clk 0:41:06]} Qc7 {[%clk 0:56:17]} 20. Bd2 {[%clk 0:40:44]} Nec6
{[%clk 0:55:58]} 21. e5 {[%clk 0:40:37]} Bb7 {[%clk 0:53:57]} 22. Ne4 Nc2
{[%clk 0:45:24]} 23. Qb2 {[%clk 0:35:27]} N6d4 {[%clk 0:43:59]} 24. Nxd4
{[%clk 0:33:48]} Nxd4 {[%clk 0:44:14]} 25. Bc3 {[%clk 0:33:59]} Nf5
{[%clk 0:41:10]} 26. Qf2 {[%clk 0:29:17]} h5 {[%clk 0:34:27]} 27. h3
{[%clk 0:29:01]} h4 {[%clk 0:31:11]} 28. gxh4 {[%clk 0:29:01]} Rfd8
{[%clk 0:31:17]} 29. Nf6+ {[%clk 0:21:25]} Bxf6 {[%clk 0:31:15]} 30. exf6
{[%clk 0:21:28]} Bxg2 {[%clk 0:31:21]} 31. Qxg2 {[%clk 0:18:00]} Rxd1
{[%clk 0:20:53]} 32. Rxd1 {[%clk 0:18:17]} Rd8 {[%clk 0:20:58]} 33. Rxd8+
{[%clk 0:17:20]} Qxd8 {[%clk 0:21:26]} 34. h5 {[%clk 0:13:01]} Qd1+
{[%clk 0:17:46]} 35. Kh2 {[%clk 0:12:58]} Qxh5 {[%clk 0:17:57]} 36. Qa8+
{[%clk 0:10:18]} Kh7 {[%clk 0:18:22]} 37. Qf8 {[%clk 0:10:30]} Qe2+
{[%clk 0:18:36]} 38. Kg1 {[%clk 0:10:23]} Qe3+ {[%clk 0:18:51]} 39. Kf1
{[%clk 0:07:14]} Qxh3+ {[%clk 0:18:43]} 40. Ke2 {[%clk 0:07:10]} Qe3+
{[%clk 0:18:58]} 41. Kd1 {[%clk 0:07:13]} Qd3+ {[%clk 0:19:18]} 42. Bd2
{[%clk 0:07:09]} Ne3+ {[%clk 0:19:40]}  0-1

[Event "Olomouc Chess Summer 2022 - D"]
[Site "Olomouc (CZE), Hotel Flora"]
[Date "2022.08.19"]
[Round "8"]
[Board "4"]
[White "Johnsen, Gunnar"]
[Black "Dusbaba, Karel"]
[Result "1-0"]
[WhiteElo "2137"]
[BlackElo "2005"]
[PlyCount "0"]
[EventDate "2022.08.13"]
[EventRounds "9"]
[EventCountry "CZE"]

1. d4 {[%clk 1:30:54]} e6 {[%clk 1:30:43]} 2. Nf3 {[%clk 1:30:58]} d5
{[%clk 1:30:26]} 3. c4 {[%clk 1:30:29]} c6 {[%clk 1:30:34]} 4. Qc2
{[%clk 1:30:03]} Nf6 {[%clk 1:26:53]} 5. g3 {[%clk 1:29:07]} Be7 {[%clk 1:26:38]}
6. Bg2 {[%clk 1:27:50]} O-O {[%clk 1:26:56]} 7. O-O {[%clk 1:27:46]} Nbd7
{[%clk 1:25:10]} 8. Nbd2 {[%clk 1:26:25]} Qc7 {[%clk 1:20:03]} 9. e4
{[%clk 1:23:10]} dxe4 {[%clk 1:19:05]} 10. Nxe4 {[%clk 1:20:19]} Nxe4
{[%clk 1:19:18]} 11. Qxe4 {[%clk 1:20:42]} Nf6 {[%clk 1:19:11]} 12. Qe2
{[%clk 1:07:24]} c5 {[%clk 1:10:22]} 13. Bf4 {[%clk 0:59:10]} Bd6
{[%clk 1:05:39]} 14. Bxd6 {[%clk 0:58:17]} Qxd6 {[%clk 1:06:06]} 15. Qe5 Qxe5 16.
dxe5 {[%clk 0:47:26]} Nd7 {[%clk 0:52:33]} 17. Rfd1 {[%clk 0:43:09]} Re8
{[%clk 0:46:45]} 18. Rd6 {[%clk 0:41:53]} Kf8 {[%clk 0:46:43]} 19. Re1
{[%clk 0:36:40]} Ke7 {[%clk 0:46:20]} 20. Rd3 {[%clk 0:36:54]} Rb8
{[%clk 0:38:07]} 21. Nd2 {[%clk 0:35:38]} b6 {[%clk 0:37:54]} 22. f4
{[%clk 0:32:59]} Bb7 {[%clk 0:37:05]} 23. Bxb7 {[%clk 0:33:08]} Rxb7
{[%clk 0:37:34]} 24. Ne4 {[%clk 0:33:26]} Rc7 {[%clk 0:35:47]} 25. Red1
{[%clk 0:31:46]} Nb8 {[%clk 0:30:47]} 26. Nd6 {[%clk 0:31:49]} Rf8
{[%clk 0:31:09]} 27. Nb5 {[%clk 0:31:18]} Rb7 {[%clk 0:31:32]} 28. Ra3
{[%clk 0:24:53]} Nc6 {[%clk 0:29:34]} 29. Rd6 {[%clk 0:24:46]} Na5
{[%clk 0:27:15]} 30. Rc3 {[%clk 0:23:11]} Rd8 {[%clk 0:25:26]} 31. b3
{[%clk 0:22:06]} Rc8 {[%clk 0:22:18]} 32. Rd2 {[%clk 0:20:54]} Rf8
{[%clk 0:21:58]} 33. Re3 {[%clk 0:15:20]} Nc6 {[%clk 0:21:08]} 34. f5
{[%clk 0:14:43]} a6 {[%clk 0:19:12]} 35. Nd6 {[%clk 0:13:09]} Rc7
{[%clk 0:19:24]} 36. g4 {[%clk 0:10:35]} Rd7 {[%clk 0:15:24]} 37. f6+
{[%clk 0:04:36]} gxf6 {[%clk 0:13:37]} 38. exf6+ {[%clk 0:04:50]} Kd8
{[%clk 0:13:35]} 39. Kf2 {[%clk 0:03:47]} Kc7 {[%clk 0:12:28]} 40. Ne4
{[%clk 0:04:01]} Rxd2+ {[%clk 0:09:28]} 41. Nxd2 {[%clk 0:03:54]} Rg8
{[%clk 0:09:40]} 42. Rg3 {[%clk 0:01:03]} h6 {[%clk 0:08:47]} 43. h4
{[%clk 0:01:18]} Kd6 {[%clk 0:08:36]} 44. g5 {[%clk 0:27:25]} hxg5
{[%clk 0:38:28]} 45. Ne4+ {[%clk 0:16:39]} Kd7 {[%clk 0:32:42]} 46. Rxg5
{[%clk 0:08:38]} Rg6 {[%clk 0:18:57]} 47. h5 {[%clk 0:08:18]} Rh6
{[%clk 0:19:15]} 48. Kg3 {[%clk 0:08:06]} Nd4 {[%clk 0:16:18]} 49. Kg4
{[%clk 0:07:07]} Nf5 {[%clk 0:12:56]} 50. Rg7 {[%clk 0:04:29]} Nd6
{[%clk 0:04:54]} 51. Nxd6 {[%clk 0:04:40]} Kxd6 {[%clk 0:05:16]} 52. Kg5
{[%clk 0:04:54]} Rh8 {[%clk 0:05:28]} 53. Rxf7 {[%clk 0:05:17]} e5
{[%clk 0:05:23]} 54. Re7 {[%clk 0:04:44]} Rg8+ {[%clk 0:04:53]} 55. Rg7
{[%clk 0:03:52]} Rf8 {[%clk 0:04:53]} 56. Kf5 {[%clk 0:03:09]} e4
{[%clk 0:04:34]} 57. Re7 {[%clk 0:03:20]} Rh8 {[%clk 0:04:38]} 58. Kg6
{[%clk 0:03:29]} Rg8+ {[%clk 0:05:02]} 59. Kf7 {[%clk 0:03:20]} Rg4
{[%clk 0:05:18]} 60. h6 {[%clk 0:03:07]} Rh4 {[%clk 0:05:27]} 61. Kg7
{[%clk 0:03:13]} Rg4+ {[%clk 0:05:48]} 62. Kf8 {[%clk 0:02:47]} Rg6
{[%clk 0:04:01]} 63. Kf7 {[%clk 0:02:17]} Rxh6 {[%clk 0:04:23]} 64. Rxe4
{[%clk 0:02:44]} Rh2 {[%clk 0:03:50]} 65. Re6+ {[%clk 0:03:00]} Kd7
{[%clk 0:04:01]} 66. Rxb6 {[%clk 0:03:13]} Rxa2 {[%clk 0:04:25]} 67. Re6
{[%clk 0:03:09]} Rb2 {[%clk 0:04:30]} 68. Re3 {[%clk 0:03:31]} a5
{[%clk 0:04:29]} 69. Rd3+ {[%clk 0:03:54]} Kc7 {[%clk 0:04:25]} 70. Kf8
{[%clk 0:04:19]} Rg2 {[%clk 0:03:53]} 71. f7 {[%clk 0:04:39]} Kc6
{[%clk 0:04:08]} 72. Rd5 {[%clk 0:04:40]} Rg3 {[%clk 0:04:20]} 73. Ke7
{[%clk 0:05:02]} Re3+ {[%clk 0:01:46]} 74. Kf6 {[%clk 0:05:22]} Rxb3
{[%clk 0:02:11]} 75. f8=Q {[%clk 0:05:38]} Rf3+ {[%clk 0:02:36]} 76. Rf5
{[%clk 0:05:59]}  1-0

[Event "Olomouc Chess Summer 2022 - D"]
[Site "Olomouc (CZE), Hotel Flora"]
[Date "2022.08.19"]
[Round "8"]
[Board "5"]
[White "Lorenc, Oldrich"]
[Black "Cap, Piotr"]
[Result "1/2-1/2"]
[WhiteElo "2111"]
[BlackElo "2025"]
[PlyCount "0"]
[EventDate "2022.08.13"]
[EventRounds "9"]
[EventCountry "CZE"]

1. e4 {[%clk 1:30:53]} c6 {[%clk 1:30:46]} 2. d4 {[%clk 1:31:03]} d5
{[%clk 1:31:05]} 3. Nc3 {[%clk 1:30:18]} dxe4 {[%clk 1:30:44]} 4. Nxe4
{[%clk 1:30:38]} Bf5 {[%clk 1:30:12]} 5. Ng3 {[%clk 1:30:25]} Bg6
{[%clk 1:30:25]} 6. Nf3 {[%clk 1:29:36]} Nd7 {[%clk 1:29:40]} 7. c3
{[%clk 1:27:22]} Ngf6 {[%clk 1:28:58]} 8. Qb3 {[%clk 1:27:25]} Qb6
{[%clk 1:27:15]} 9. Bc4 {[%clk 1:22:31]} Qxb3 {[%clk 1:25:37]} 10. Bxb3
{[%clk 1:22:41]} e6 {[%clk 1:25:09]} 11. Bg5 {[%clk 1:22:03]} Bd6
{[%clk 1:23:07]} 12. Bxf6 {[%clk 1:16:22]} Nxf6 {[%clk 1:22:57]} 13. O-O
{[%clk 1:14:39]} O-O-O {[%clk 1:20:24]} 14. Rfe1 {[%clk 1:10:58]} h6
{[%clk 1:16:11]} 15. Ne5 {[%clk 1:09:08]} Bxe5 {[%clk 1:16:23]} 16. Rxe5
{[%clk 1:08:59]} Rd6 {[%clk 1:13:42]} 17. f4 {[%clk 1:03:12]} Nd7
{[%clk 0:57:03]} 18. f5 {[%clk 1:01:21]} exf5 {[%clk 0:54:45]} 19. Nxf5
{[%clk 1:01:38]} Bxf5 {[%clk 0:54:47]} 20. Rxf5 {[%clk 1:02:01]} f6
{[%clk 0:54:25]} 21. Re1 {[%clk 1:01:52]} Kd8 22. Bf7 Nb6 {[%clk 0:47:21]} 23.
Rf2 {[%clk 0:45:02]} Rf8 {[%clk 0:43:57]} 24. Bg6 {[%clk 0:36:28]} Nd5
{[%clk 0:39:19]} 25. g4 {[%clk 0:35:22]} Rd7 {[%clk 0:37:58]} 26. Rfe2
{[%clk 0:32:19]} Re7 {[%clk 0:35:14]} 27. Rxe7 {[%clk 0:29:17]}  1/2-1/2

[Event "Olomouc Chess Summer 2022 - D"]
[Site "Olomouc (CZE), Hotel Flora"]
[Date "2022.08.19"]
[Round "8"]
[Board "6"]
[White "Vales, Vaclav"]
[Black "Pospisil, Evzen"]
[Result "1/2-1/2"]
[WhiteElo "2036"]
[BlackElo "2045"]
[PlyCount "0"]
[EventDate "2022.08.13"]
[EventRounds "9"]
[EventCountry "CZE"]

1. d4 {[%clk 1:31:26]} Nf6 {[%clk 1:31:26]} 2. c4 {[%clk 1:31:46]} e6
{[%clk 1:31:50]} 3. Nf3 {[%clk 1:31:37]} c5 {[%clk 1:32:08]} 4. d5
{[%clk 1:31:46]} exd5 {[%clk 1:32:32]} 5. cxd5 {[%clk 1:32:11]} d6
{[%clk 1:32:57]} 6. Nc3 {[%clk 1:32:36]} g6 {[%clk 1:33:19]} 7. h3
{[%clk 1:32:19]} Bg7 {[%clk 1:33:35]} 8. e4 {[%clk 1:32:40]} O-O {[%clk 1:33:49]}
9. Bd3 {[%clk 1:32:52]} b5 {[%clk 1:32:58]} 10. Nxb5 {[%clk 1:25:36]} Re8
{[%clk 1:32:58]} 11. O-O {[%clk 1:23:33]} Nxe4 {[%clk 1:33:14]} 12. Na3
{[%clk 1:22:30]} Nd7 {[%clk 1:24:58]} 13. Re1 {[%clk 1:14:22]} Nef6
{[%clk 1:24:30]} 14. Rxe8+ {[%clk 1:12:40]} Nxe8 {[%clk 1:24:38]} 15. Nc4
{[%clk 1:02:49]} Nb6 {[%clk 1:23:28]} 16. Nxb6 {[%clk 0:58:12]} Qxb6
{[%clk 1:15:50]} 17. Rb1 {[%clk 0:45:34]}  1/2-1/2